[Event "Campeonato de Chile"]
[Site "SchemingMind.com"]
[Date "2012.08.09"]
[Round "-"]
[White "krzysztof"]
[Black "ampp"]
[Result "1-0"]
[WhiteCountry "POL"]
[BlackCountry "POR"]
[WhiteElo "1624"]
[WhiteRD "77"]
[BlackElo "1231"]
[BlackRD "83"]
[GameID "315552"]

1. e4 e5 2. Nf3 Nc6 3. c4 Nf6 4. Nc3 Bc5 5. h3 d6 6. d3 Be6 7. Be2 O-O 8. O-O a6 9. Ng5 Bd7 10. Kh1 h6
11. Nf3 Nd4 12. Nxd4 Bxd4 13. Nd5 Nxd5 14. exd5 c6 15. f4 exf4 16. Bxf4 Bxb2 17. Rb1 Be5 18. Rxb7 Bxf4 19. Rxf4 cxd5 20. cxd5 Rb8
21. Rfb4 Rxb7 22. Rxb7 Bc8 23. Rb3 Qd7 24. d4 Bb7 25. Bf3 Ba8 26. Qd3 a5 27. Qe4 Re8 28. Qg4 Qxg4 29. hxg4 Re1+ 30. Kh2 Re7
31. Rb8+
1-0

[Event "Campeonato de Chile"]
[Site "SchemingMind.com"]
[Date "2012.08.09"]
[Round "-"]
[White "kubinet"]
[Black "ampp"]
[Result "1-0"]
[WhiteCountry "GER"]
[BlackCountry "POR"]
[WhiteElo "1454"]
[WhiteRD "44"]
[BlackElo "1280"]
[BlackRD "81"]
[GameID "315553"]

1. e4 e5 2. Nf3 Nf6 3. d4 exd4 4. e5 Ng4 5. Qxd4 d6 6. exd6 Qxd6 7. Bf4 Qxd4 8. Nxd4 c5 9. Nf3 Nc6 10. c3 a6
11. h3 Nf6 12. Bd3 Be7 13. O-O O-O 14. Re1 b5 15. Bc2 Re8 16. Nbd2 c4 17. a4 h6 18. axb5 Nb8 19. Nxc4 Bb7 20. Nd4 Nbd7
21. Nc6 axb5 22. Nxe7+ Kh8 23. Nd6 Rxa1 24. Rxa1 Rxe7 25. Nxb7 g5 26. Be3 Nd5 27. Bd4+ f6 28. Nd6 Kg7 29. Nf5+
1-0